Johto Pokedex Quiz - Statistics

General Stats
  • This quiz has been taken 263 times
  • The average score is 184 of 256
Answer Stats
Dex # Pokemon Type % Correct
2 Bayleef Grass
98%
3 Meganium Grass
97%
1 Chikorita Grass
96%
4 Cyndaquil Fire
96%
5 Quilava Fire
95%
7 Totodile Water
95%
6 Typhlosion Fire
95%
9 Feraligatr Water
93%
15 Hoothoot Normal/Flying
91%
8 Croconaw Water
88%
16 Noctowl Normal/Flying
87%
21 Pichu Electric
86%
256 Celebi Grass/Psychic
85%
40 Cleffa Fairy
85%
20 Furret Normal
85%
22 Pikachu Electric
85%
23 Raichu Electric
85%
19 Sentret Normal
85%
63 Steelix Steel/Ground
85%
39 Crobat Poison/Flying
84%
59 Haunter Ghost/Poison
84%
253 Ho-Oh Fire/Flying
84%
12 Pidgeot Normal/Flying
84%
10 Pidgey Normal/Flying
84%
244 Entei Fire
83%
60 Gengar Ghost/Poison
83%
38 Golbat Poison/Flying
83%
252 Lugia Psychic/Flying
83%
11 Pidgeotto Normal/Flying
83%
243 Raikou Electric
83%
37 Zubat Poison/Flying
83%
24 Caterpie Bug
82%
156 Elekid Electric
82%
188 Espeon Psychic
82%
58 Gastly Ghost/Poison
82%
43 Igglybuff Normal/Fairy
82%
28 Kakuna Bug/Poison
82%
25 Metapod Bug
82%
255 Mew Psychic
82%
254 Mewtwo Psychic
82%
242 Moltres Fire/Flying
82%
46 Togepi Fairy
82%
189 Umbreon Dark
82%
29 Beedrill Bug/Poison
81%
26 Butterfree Bug/Flying
81%
184 Eevee Normal
81%
34 Geodude Rock/Ground
81%
84 Gloom Grass/Poison
81%
36 Golem Rock/Ground
81%
62 Onix Rock/Ground
81%
112 Scizor Bug/Steel
81%
245 Suicune Water
81%
47 Togetic Fairy/Flying
81%
27 Weedle Bug/Poison
81%
240 Articuno Ice/Flying
80%
35 Graveler Rock/Ground
80%
44 Jigglypuff Normal/Fairy
80%
152 Magby Fire
80%
72 Poliwag Water
80%
111 Scyther Bug/Flying
80%
241 Zapdos Electric/Flying
80%
89 Abra Psychic
79%
236 Charizard Fire/Flying
79%
42 Clefable Fairy
79%
41 Clefairy Fairy
79%
14 Fearow Normal/Flying
79%
187 Flareon Fire
79%
186 Jolteon Electric
79%
155 Jynx Ice/Psychic
79%
90 Kadabra Psychic
79%
153 Magmar Fire
79%
83 Oddish Grass/Poison
79%
18 Raticate Normal
79%
13 Spearow Normal/Flying
79%
185 Vaporeon Water
79%
85 Vileplume Grass/Poison
79%
91 Alakazam Psychic
78%
234 Charmander Fire
78%
235 Charmeleon Fire
78%
247 Dragonair Dragon
78%
73 Poliwhirl Water
78%
74 Poliwrath Water/Fighting
78%
17 Rattata Normal
78%
55 Ampharos Electric
77%
231 Bulbasaur Grass/Poison
77%
248 Dragonite Dragon/Flying
77%
246 Dratini Dragon
77%
157 Electabuzz Electric
77%
147 Hitmonchan Fighting
77%
146 Hitmonlee Fighting
77%
148 Hitmontop Fighting
77%
232 Ivysaur Grass/Poison
77%
192 Kingdra Water/Dragon
77%
119 Magnemite Electric/Steel
77%
45 Wigglytuff Normal/Fairy
77%
64 Bellsprout Grass/Poison
76%
143 Machoke Fighting
76%
142 Machop Fighting
76%
76 Magikarp Water
76%
120 Magneton Electric/Steel
76%
82 Slowking Water/Psychic
76%
233 Venusaur Grass/Poison
76%
238 Wartortle Water
76%
239 Blastoise Water
75%
54 Flaaffy Electric
75%
77 Gyarados Water/Flying
75%
190 Horsea Water
75%
177 Lanturn Water/Electric
75%
224 Lapras Water/Ice
75%
144 Machamp Fighting
75%
53 Mareep Electric
75%
57 Quagsire Water/Ground
75%
191 Seadra Water
75%
80 Slowpoke Water/Psychic
75%
154 Smoochum Ice/Psychic
75%
237 Squirtle Water
75%
56 Wooper Water/Ground
75%
229 Aerodactyl Rock/Flying
74%
114 Heracross Bug/Fighting
74%
67 Hoppip Grass/Flying
74%
69 Jumpluff Grass/Flying
74%
115 Koffing Poison
74%
70 Paras Bug/Grass
74%
81 Slowbro Water/Psychic
74%
130 Arcanine Fire
73%
227 Kabuto Rock/Water
73%
228 Kabutops Rock/Water
73%
71 Parasect Bug/Grass
73%
68 Skiploom Grass/Flying
73%
32 Spinarak Bug/Poison
73%
169 Staryu Water
73%
66 Victreebel Grass/Poison
73%
116 Weezing Poison
73%
51 Arbok Poison
72%
33 Ariados Bug/Poison
72%
179 Dewgong Water/Ice
72%
50 Ekans Poison
72%
129 Growlithe Fire
72%
215 Houndoom Dark/Fire
72%
214 Houndour Dark/Fire
72%
249 Larvitar Rock/Ground
72%
95 Nidoran♀ Poison
72%
98 Nidoran♂ Poison
72%
250 Pupitar Rock/Ground
72%
178 Seel Water
72%
216 Slugma Fire
72%
170 Starmie Water/Psychic
72%
145 Tyrogue Fighting
72%
65 Weepinbell Grass/Poison
72%
133 Azumarill Water/Fairy
71%
31 Ledian Bug/Flying
71%
132 Marill Water/Fairy
71%
118 Muk Poison
71%
100 Nidoking Poison/Ground
71%
97 Nidoqueen Poison/Ground
71%
96 Nidorina Poison
71%
99 Nidorino Poison
71%
225 Omanyte Rock/Water
71%
226 Omastar Rock/Water
71%
196 Piloswine Ice/Ground
71%
195 Swinub Ice/Ground
71%
176 Chinchou Water/Electric
70%
94 Forretress Bug/Steel
70%
117 Grimer Poison
70%
30 Ledyba Bug/Flying
70%
217 Magcargo Fire/Rock
70%
93 Pineco Bug
70%
75 Politoed Water
70%
251 Tyranitar Rock/Dark
70%
121 Voltorb Electric
70%
86 Bellossom Grass
69%
122 Electrode Electric
69%
113 Pinsir Bug
69%
203 Skarmory Steel/Flying
69%
230 Snorlax Normal
69%
151 Miltank Normal
68%
213 Murkrow Dark/Flying
68%
206 Ponyta Fire
68%
78 Goldeen Water
67%
207 Rapidash Fire
67%
79 Seaking Water
67%
218 Sneasel Dark/Ice
67%
164 Tentacool Water/Poison
67%
165 Tentacruel Water/Poison
67%
193 Gligar Ground/Flying
66%
161 Natu Psychic/Flying
66%
110 Venomoth Bug/Poison
66%
162 Xatu Psychic/Flying
66%
223 Blissey Normal
65%
201 Donphan Ground
65%
105 Exeggcute Grass/Psychic
65%
149 Girafarig Normal/Psychic
65%
136 Mankey Fighting
65%
219 Misdreavus Ghost
65%
140 Psyduck Water
65%
211 Rhyhorn Ground/Rock
65%
48 Sandshrew Ground
65%
49 Sandslash Ground
65%
150 Tauros Normal
65%
109 Venonat Bug/Poison
65%
222 Chansey Normal
64%
172 Cloyster Water/Ice
64%
106 Exeggutor Grass/Psychic
64%
200 Phanpy Ground
64%
137 Primeape Fighting
64%
212 Rhydon Ground/Rock
64%
127 Vulpix Fire
64%
134 Diglett Ground
63%
135 Dugtrio Ground
63%
141 Golduck Water
63%
128 Ninetales Fire
63%
171 Shellder Water
63%
194 Delibird Ice/Flying
62%
88 Hypno Psychic
62%
220 Porygon Normal
62%
182 Tangela Grass
62%
87 Drowzee Psychic
61%
197 Mamoswine Ice/Ground
61%
202 Mantine Water/Flying
61%
205 Dodrio Normal/Flying
60%
221 Porygon2 Normal
60%
204 Doduo Normal/Flying
59%
52 Dunsparce Normal
59%
138 Meowth Normal
58%
158 Mr. Mime Psychic/Fairy
58%
139 Persian Normal
58%
168 Shuckle Bug/Rock
58%
126 Granbull Fairy
57%
104 Sunflora Grass
57%
103 Sunkern Grass
57%
174 Remoraid Water
56%
125 Snubbull Fairy
56%
173 Corsola Water/Rock
55%
160 Farfetch'd Normal/Flying
55%
210 Kangaskhan Normal
55%
163 Qwilfish Water/Poison
55%
107 Sudowoodo Rock
55%
198 Teddiursa Normal
55%
101 Yanma Bug/Flying
55%
167 Kingler Water
54%
166 Krabby Water
54%
199 Ursaring Normal
54%
108 Wobbuffet Psychic
54%
175 Octillery Water
53%
61 Unown Psychic
53%
208 Cubone Ground
52%
209 Marowak Ground
52%
159 Smeargle Normal
49%
131 Stantler Normal
49%
123 Aipom Normal
47%
92 Ditto Normal
47%
183 Tangrowth Grass
47%
180 Lickitung Normal
43%
102 Yanmega Bug/Flying
42%
124 Ambipom Normal
35%
181 Lickilicky Normal
29%
No matching quizzes found
Score Distribution
Percent of People with Each Score
Percentile by Number Answered
Your Score History
You have not taken this quiz